Theories of human communication (Record no. 169727)

MARC details
000 -LEADER
fixed length control field 00427nam a2200169Ia 4500
008 - FIXED-LENGTH DATA ELEMENTS--GENERAL INFORMATION
fixed length control field 231217s9999 xx 000 0 und d
041 ## - LANGUAGE CODE
Language code of text/sound track or separate title English
082 ## - DEWEY DECIMAL CLASSIFICATION NUMBER
Classification number 001.51 LIT;1 R
100 ## - MAIN ENTRY--PERSONAL NAME
Personal name Littlejohn, Stephen, W
245 #0 - TITLE STATEMENT
Title Theories of human communication
250 ## - EDITION STATEMENT
Edition statement 7th ed.
260 ## - PUBLICATION, DISTRIBUTION, ETC.
Date of publication, distribution, etc. 2002
Name of publisher, distributor, etc. Wadsworth/Thomson Learning
300 ## - PHYSICAL DESCRIPTION
Extent xiv,378
300 ## - PHYSICAL DESCRIPTION
Dimensions CD919
650 ## - SUBJECT ADDED ENTRY--TOPICAL TERM
Topical term or geographic name entry element Applied industrial
942 ## - ADDED ENTRY ELEMENTS (KOHA)
Koha item type Books
Holdings
Date last seen Total checkouts Full call number Accession number Cost, total (INR) price Price effective from Category Lost status Damaged status Department Withdrawn status Home library Current library Shelving location Entry date Vendor Cost, normal purchase price Grants Billnumber Billdate Currency symbol Conversion rate Discount Old discount
26/01/2024   001.51 LIT;1 R 23460 652.80 26/01/2024 Books     Central Library   Central Library Central Library Library Annex 13/12/2003 Sai Books 16.00 MBA 2003/inv/000187 11/04/2005 USD 48 2.4 15
26/01/2024   001.51 LIT;1 R1 23461 652.80 26/01/2024 Books     Central Library   Central Library Central Library Library Annex 13/12/2003 Sai Books 16.00 MBA 2003/inv/000187 11/04/2005 USD 48 2.4 15
26/01/2024   001.51 LIT;3 23462 652.80 26/01/2024 Books     Central Library   Central Library Central Library   13/12/2003 Sai Books 16.00 MBA 2003/inv/000187 11/04/2005 USD 48 2.4 15

© For any Suggestions or Query, please contact the library staff @ librarian@pes.edu or Phone: +9180 2672 1983/ 2108.